| 000 | 01355cab a22002295a 4500 | ||
|---|---|---|---|
| 001 | L139768 | ||
| 008 | 070807e20070802xxk f 000 0 eng d | ||
| 035 | _a(Sirsi) u139768 | ||
| 041 | 0 | _aeng | |
| 100 | 1 | _aWinter, Jeremy | |
| 245 | 0 | 0 | _aRemoving the incentive for written contracts is madness |
| 260 | _c2007 | ||
| 490 | 0 |
_aConstruction News _v(7029) 2 August 2007, 28(1) |
|
| 520 | _aDebates one of the proposed changes to the Housing Grants, Construction and Regeneration Act 1996 as set out in government's latest consultation (L138559). The proposed change will mean the 1996 Act will apply to any construction contract, whether written or oral, or partly written and partly oral. Argues that this will remove an incentive to get an agreement in writing and that adjudication is not a suitable method of resolving disputes over oral agreements. Concludes that the 1996 Act works well enough in its current form and amending s107 could lead to a mass of litigation cases. | ||
| 590 | _aKA | ||
| 650 | 2 | 4 | _aHOUSING GRANTS, CONSTRUCTION AND REGENERATION ACT 1996 S107 |
| 650 | 2 | 4 | _aRJT CONSULTING ENGINEERS LTD V DM ENGINEERING (NORTHERN IRELAND) LTD |
| 650 | 2 | 4 | _aGROVEDECK LTD V CAPITAL DEMOLITION LTD |
| 651 | 4 |
_aGreat Britain _y1707- |
|
| 690 | _aBUILT ENVIRONMENT-CONSTRUCTION MANAGEMENT-BUILDING CONTRACT ADMINISTRATION | ||
| 942 | _n0 | ||
| 999 |
_c79087 _d79087 |
||